000 00526nam a2200169 a 4500
005 20210219160404.0
008 081030s2000 mx r 000 0 spa d
035 _aUPN01000164604
049 _aUNE
080 _a7.073 (07) -053.2 EDU No.24.
245 0 3 _aLa Educación artística de los niños en la región nórdica y en otras regiones.
260 _aParís : UNESCO, 198.
300 _a91 p.
440 0 _a(Desarrollo cultural; Expediente documental; 24)
690 _aEducacion artistica- Niños
905 _aUNESCO
999 _c136716
_d136716